[Event "Pan American-ch U12 Girls"]
[Site "Guayaquil"]
[Date "2019.07.24"]
[Round "6"]
[White "Arcos Moreira, Sara Noemi"]
[Black "Li, Melina"]
[Result "1/2-1/2"]
[WhiteElo "1379"]
[BlackElo "1505"]
[PlyCount "49"]
[EventDate "2019.07.21"]
[EventType "swiss"]
[EventRounds "9"]
[EventCountry "ECU"]
[SourceTitle "EXT 2020"]
[Source "ChessBase"]
[SourceDate "2019.10.17"]
[SourceVersion "1"]
[SourceVersionDate "2019.10.17"]
[SourceQuality "1"]

1. c4 e6 2. Nf3 Nf6 3. b3 d5 4. e3 c5 5. cxd5 exd5 6. d4 Nc6 7. dxc5 Bxc5 8. Bb2 0-0 9. Be2 Bf5 10. Nc3 d4 11. exd4 Nxd4 12. Nxd4 Bxd4 13. 0-0 Rc8 14. Rc1 Be5 15. Na4 Bxb2 16. Nxb2 Rxc1 17. Qxc1 Qa5 18. a4 Rc8 19. Qf4 Bg6 20. Ra1 h6 21. Bc4 a6 22. b4 Qh5 23. h3 b5 24. axb5 axb5 25. Bf1 1/2-1/2

[Event "Pan American-ch U12 Girls"]
[Site "Guayaquil"]
[Date "2019.07.23"]
[Round "4"]
[White "Artieda Berru, Ariadna Amely"]
[Black "Li, Melina"]
[Result "0-1"]
[WhiteElo "1308"]
[BlackElo "1505"]
[PlyCount "140"]
[EventDate "2019.07.21"]
[EventType "swiss"]
[EventRounds "9"]
[EventCountry "ECU"]
[SourceTitle "EXT 2020"]
[Source "ChessBase"]
[SourceDate "2019.10.17"]
[SourceVersion "1"]
[SourceVersionDate "2019.10.17"]
[SourceQuality "1"]

1. e4 e6 2. d4 d5 3. exd5 exd5 4. Bd3 Bd6 5. Qf3 Ne7 6. Nc3 Nbc6 7. Nge2 Be6 8. Bg5 Qd7 9. h3 0-0-0 10. 0-0-0 f6 11. Bf4 Bxf4+ 12. Qxf4 Bf5 13. Ng3 Bxd3 14. Rxd3 Ng6 15. Qd2 f5 16. Nce2 Rhf8 17. Nf4 Nxf4 18. Qxf4 Rde8 19. Qd2 f4 20. Nf1 Re7 21. Nh2 g5 22. Re1 Rfe8 23. Rxe7 Qxe7 24. Kd1 h5 25. g3 fxg3 26. fxg3 Nb4 27. Ra3 Qe4 28. Nf3 g4 29. hxg4 hxg4 30. Ne1 Nc6 31. Rd3 Nd8 32. Ng2 Qf5 33. Qf4 Qxf4 34. Nxf4 c6 35. Nh5 Re6 36. Kd2 Rh6 37. Nf4 Rh2+ 38. Kc3 Nf7 39. Rd2 Rh7 40. Re2 Nd6 41. Kd3 Ne4 42. Rg2 Rh1 43. Ne2 Rd1+ 44. Ke3 Rf1 45. Ng1 Kc7 46. Ke2 Ra1 47. a3 Ra2 48. Ke3 Rxb2 49. Kf4 Ra2 50. Kxg4 Rxa3 51. Kf4 Rxg3 52. Rxg3 Nxg3 53. Kxg3 a5 54. Ne2 Kb6 55. Kf3 Kb5 56. Ke3 Kb4 57. Kd3 Ka3 58. Kc3 b5 59. Kd3 b4 60. Nc1 Kb2 61. Nb3 a4 62. Nc5 a3 63. Nb3 a2 64. Kd2 a1R 65. Nxa1 Kxa1 66. Kd3 Kb2 67. Kd2 b3 68. cxb3 Kxb3 69. Ke2 Kc4 70. Ke3 Kc3 0-1

[Event "Wch U12 Girls"]
[Site "Weifang"]
[Date "2019.??.??"]
[Round "?"]
[White "Shvedova, Alexandra"]
[Black "Li, Melina"]
[Result "1-0"]
[WhiteElo "1932"]
[BlackElo "1461"]
[PlyCount "79"]
[EventDate "2019.08.21"]
[EventType "swiss"]
[EventRounds "11"]
[EventCountry "CHN"]
[SourceTitle "EXT 2020"]
[Source "ChessBase"]
[SourceDate "2019.10.17"]
[SourceVersion "1"]
[SourceVersionDate "2019.10.17"]
[SourceQuality "1"]

1. e4 c6 2. d4 d5 3. Nc3 dxe4 4. Nxe4 Bf5 5. Ng3 Bg6 6. Nf3 e6 7. Bd3 Bxd3 8. Qxd3 Nf6 9. 0-0 Be7 10. c4 0-0 11. b3 c5 12. Rd1 Nc6 13. Bb2 Qb6 14. Qe2 cxd4 15. Nxd4 Rfe8 16. Rd2 Rad8 17. Rad1 Bb4 18. Rd3 e5 19. Nxc6 Rxd3 20. Rxd3 Qxc6 21. Re3 e4 22. Bxf6 Qxf6 23. Rxe4 Rxe4 24. Qxe4 Qa1+ 25. Nf1 Qxa2 26. Qxb7 Bc5 27. Qb8+ Bf8 28. c5 Qc2 29. b4 Qc4 30. Qb7 g6 31. g3 a5 32. c6 Bd6 33. bxa5 Qc2 34. Ne3 Qc1+ 35. Kg2 f5 36. a6 f4 37. a7 fxe3 38. a8Q+ Bf8 39. Qa2+ Kh8 40. Qbf7 1-0

[Event "Seattle Masters-B 04"]
[Site "Seattle"]
[Date "2018.04.07"]
[Round "1"]
[White "Fagundes, Frank"]
[Black "Li, Melina"]
[Result "0-1"]
[WhiteElo "1635"]
[BlackElo "1357"]
[PlyCount "76"]
[EventDate "2018.04.07"]
[EventType "swiss"]
[EventRounds "3"]
[EventCountry "USA"]
[SourceTitle "EXT 2023"]
[Source "ChessBase"]
[SourceDate "2022.10.05"]
[SourceVersion "1"]
[SourceVersionDate "2022.10.05"]
[SourceQuality "1"]

1. Nf3 Nf6 2. c4 e6 3. g3 d5 4. Bg2 c5 5. 0-0 Nc6 6. b3 Bd6 7. Nc3 a6 8. d4 0-0 9. Bg5 cxd4 10. Nxd4 Be5 11. Nxc6 bxc6 12. Rc1 h6 13. Bd2 Bb7 14. Na4 Qe7 15. Be3 Bd6 16. Bb6 dxc4 17. Rxc4 Nd5 18. Bc5 Rfd8 19. Qc2 a5 20. Nb6 Rab8 21. Na4 Ba6 22. Bxd6 Rxd6 23. Rc5 Bb5 24. Nc3 Nb4 25. Qb2 Rbd8 26. Ne4 Rd4 27. a3 Nd3 28. exd3 Bxd3 29. Rfc1 Bxe4 30. Bxe4 Rxe4 31. Rxa5 Qb7 32. Rac5 Red4 33. b4 Qa6 34. b5 cxb5 35. Rxb5 Rd2 36. Qb4 Qa8 37. Qb3 R2d3 38. Qc4 Rd1+ 0-1